Impossible House of the Dragon Quiz - Statistics

General Stats
  • This quiz has been taken 1,023 times
  • The average score is 6 of 15
Answer Stats
Hint Answer % Correct
Which great house is Rhaenyra's mother from (father's side) Arryn
91%
What did Rhaenyra want to name her 'soon to be born' sister in episode 1 Visenya
64%
What was the name of King Jaehaerys I's wife Alysanne
58%
Which King's landing street is know for its brothels Silk
51%
What is Ser Harwin Strong's nickname Breakbones
50%
What is the name of Viserys' sword Blackfyre
46%
The Blackwood vying for Rhaenyra's hand fights and kills a member of which house Bracken
45%
What is the name of the castle of Daemon's first wife Runestone
43%
What is the name of Alicent's brother Gwayne Hightower
42%
Joffrey Lonmouth is known as the knight of what? Kisses
33%
What is the name of the Tully lord at the time of episode 6 Grover
26%
Criston Cole is the son of a steward who serves which Lord Dondarrion
20%
What is the name of Rhaenyra's maester on Dragonstone Gerardys
16%
Who is named Master of Laws after Lyonel Strong's promotion to Hand Jasper Wylde
13%
Which 2 free cities gifted the tapestries Alicent suggested Daemon take a look at Norvos and Qohor
11%
No matching quizzes found
Score Distribution
Percent of People with Each Score
Percentile by Number Answered
Your Score History
You have not taken this quiz